| 000 | 00612cam a2200205 4500 | ||
|---|---|---|---|
| 008 | 000000n2000 000 0 eng u | ||
| 020 | _a1857838580 | ||
| 035 | _a(Sirsi) u104741 | ||
| 041 | _aeng | ||
| 050 | _a333.33025 | ||
| 110 |
_aRoyal Institution of Chartered Surveyors _94900 |
||
| 245 | _aGeographical directory 2000 | ||
| 260 |
_aLondon _bWaterlow Specialist Information Publishing Ltd _c2000 |
||
| 300 | _a54,89,672,69p. ; 25cm. | ||
| 350 | _a65 | ||
| 650 | _aABOUT RICS-RICS MEMBERS | ||
| 650 | _aDIRECTORIES | ||
| 690 | _aMANAGEMENT-BUSINESS MANAGEMENT-PROFESSIONAL PRACTICE | ||
| 942 | _n0 | ||
| 999 |
_c100277 _d100277 |
||